000 00725nam a22002057a 4500
999 _c22528
_d22528
003 AR-CdUCM
008 190426b ||||| |||| 00| 0 spa d
020 _a9789871831104
040 _aMUNICIPALIDAD PROVINCIAL DEL CUSCO
_cBIBLIOTECA MUNICIPAL DEL CUSCO
041 _hspa
082 _aEP/863.9282/P59
_bP59
100 _aPintos, Octavio
_933439
245 _aDe chocolates y mascotas dulces :
_buna historia de dos mundos /
_cOctavio Pintos, Laura Aguerrebehere ilustraciones
260 _aBuenos Aires:
_bUranito,
_c2012.
300 _a95 páginas. :
_bilustraciones en color,
_c16 cm.
650 _aLiteratura infantil
_9588
700 _aAguerrebehere, Laura
_eilustrador
_948425
942 _2ddc
_cLIBROS
945 _arac